Fiziko-matematičeska i techničeska enciklopedija. Tom 1. A - J /

Uloženo v:
Podrobná bibliografie
Hlavní autor: Petkačin, B.
Médium: Kniha
Jazyk:bulharština
Vydáno: Sofija : Blgarskata akademija na naukite, 1990
On-line přístup: Získat plný text
Tagy: Přidat tag
Žádné tagy, Buďte první, kdo vytvoří štítek k tomuto záznamu!

MARC

LEADER 00000nam a2200000 4500
003 SK-BrCVT
005 20220617142258.0
008 910401s1990 bu e ||||||bul d
035 |a CVTIDW0890844 
040 |b slo  |a CVTI SR 
041 0 |a bul 
044 |a bu 
080 |a 51:53(031)  |2 UDC-MRF 
080 |a 62(031)  |2 UDC-MRF 
100 1 |a Petkačin, B. 
242 1 0 |a Fyzikálno-matematická a technická encyklopédia. Časť 1. A - J 
245 1 0 |a Fiziko-matematičeska i techničeska enciklopedija. Tom 1. A - J /  |c Red.: B. Petkačin 
260 |a Sofija :  |b Blgarskata akademija na naukite,  |c 1990 
300 |a 1075 s. :  |b fotogr., grafy, obr., tab. ; 
692 |a JM MM 
910 |b A522973 
974 |f Knihy 
992 |a AEN 
999 |c 37380  |d 37380